Judicial hints on civil procedure /

Saved in:
书目详细资料
主要作者: Kuloba, R.
格式: 图书
出版: Nairobi, Kenya : LawAfrica, c2005.
版:2nd ed.
主题:
标签: 添加标签
没有标签, 成为第一个标记此记录!

MARC

LEADER 00000cam a2200000 a 4500
020 |a 9966703403  |c TZS 41,000/= 
040 |a MUL  |b eng  |e AACR 
082 0 0 |a 347.676205 KUL 
100 1 |a Kuloba, R., 
245 1 0 |a Judicial hints on civil procedure /  |c [Richard Kuloba]. 
250 |a 2nd ed. 
260 |a Nairobi, Kenya :  |b LawAfrica,  |c c2005. 
300 |a Iviii, 334 p. ;  |c 24 cm. 
504 |a Includes bibliographical references. 
650 0 |a Civil procedure  |z Kenya. 
942 |c BK 
999 |c 1479  |d 1479